Felülvizsgálati eljárás büntetőügyekben

Elmentve itt :
Bibliográfiai részletek
Szerző: Cséka Ervin
Dokumentumtípus: Cikk
Megjelent: Szegedi Tudományegyetem Állam- és Jogtudományi Kara Szeged 1993
Sorozat:Acta Universitatis Szegediensis : acta juridica et politica 43 No. 1-4
Kulcsszavak:Büntetőjog
Tárgyszavak:
Online Access:http://acta.bibl.u-szeged.hu/6758
LEADER 00764nab a2200205 i 4500
001 acta6758
005 20221006163533.0
008 161015s1993 hu o 0|| hun d
022 |a 0324-6523 
040 |a SZTE Egyetemi Kiadványok Repozitórium  |b hun 
041 |a hun 
100 1 |a Cséka Ervin 
245 1 0 |a Felülvizsgálati eljárás büntetőügyekben  |h [elektronikus dokumentum] /  |c  Cséka Ervin 
260 |a Szegedi Tudományegyetem Állam- és Jogtudományi Kara  |b Szeged  |c 1993 
300 |a 83-96 
490 0 |a Acta Universitatis Szegediensis : acta juridica et politica  |v 43 No. 1-4 
650 4 |a Társadalomtudományok 
650 4 |a Jogtudomány 
695 |a Büntetőjog 
856 4 0 |u http://acta.bibl.u-szeged.hu/6758/1/juridpol_043_083-096.pdf  |z Dokumentum-elérés